00379nam a2200157Ia 45000010006000000050017000060080041000230410008000640820016000721000033000882450043001212600009001643000032001736500008002056540008002132358320260414150947.0260414t2019||||xx |||||||||||||| ||spa|| aESP a670.42bB24 aBarbosa Moreno, AlfonsoeAUT 0aManufactura :bconcepto y aplicaciones c2019 ax, 282 páginas : c27 cm. aTCA aCII